Peter Bosz' Leverkusen - Statistics

General Stats
  • This quiz has been taken 10 times
  • The average score is 23 of 40
Answer Stats
Rank Player Position Nationality Matches Goals Assists % Correct
17 Edmond Tapsoba Centre-Back 54 2 0
100%
2 Jonathan Tah Centre-Back 86 3 3
100%
3 Leon Bailey Right Winger 83 23 12
100%
1 Lukas Hradecky Goalkeeper 99 0 0
100%
6 Charles Aránguiz Central Midfield 78 7 13
89%
4 Julian Baumgartlinger Defensive Midfield 81 5 4
89%
13 Kai Havertz Centre-Forward 64 29 10
89%
8 Moussa Diaby Right Winger 74 17 19
89%
21 Patrik Schick Centre-Forward 28 12 1
89%
20 Florian Wirtz Attacking Midfield 40 8 7
78%
27 Jeremie Frimpong Right-Back 9 0 1
78%
15 Aleksandar Dragovic Centre-Back 60 2 1
67%
12 Kerem Demirbay Central Midfield 69 6 18
67%
14 Kevin Volland Centre-Forward 60 20 20
67%
16 Lars Bender Defensive Midfield 55 3 5
67%
5 Lucas Alario Centre-Forward 81 32 8
67%
29 Panagiotis Retsos Centre-Back 6 0 0
67%
38 Ramazan Özcan Goalkeeper 1 0 0
67%
7 Sven Bender Defensive Midfield 75 4 3
67%
10 Wendell Left-Back 72 1 6
67%
24 Exequiel Palacios Central Midfield 14 0 1
56%
36 Joel Pohjanpalo Centre-Forward 2 0 0
56%
23 Julian Brandt Attacking Midfield 20 7 11
56%
11 Karim Bellarabi Right Winger 72 10 17
56%
37 Santiago Arias Right-Back 1 0 0
56%
19 Daley Sinkgraven Left-Back 44 0 4
44%
9 Nadiem Amiri Central Midfield 74 6 15
44%
22 Paulinho Left Winger 28 3 2
44%
28 Timothy Fosu-Mensah Right-Back 7 0 0
44%
25 Tin Jedvaj Centre-Back 12 0 1
44%
26 Demarai Gray Left Winger 9 1 2
33%
18 Mitchell Weiser Right-Back 52 2 1
33%
31 Niklas Lomb Goalkeeper 5 0 0
33%
33 Emrehan Gedikli Centre-Forward 3 0 0
22%
34 Isaac Kiese Thelin Centre-Forward 2 0 0
22%
39 Adrian Stanilewicz Defensive Midfield 1 0 0
11%
35 Cem Türkmen Central Midfield 2 0 0
11%
30 Dominik Kohr Centre-Back 6 0 1
11%
32 Lennart Grill Goalkeeper 4 0 0
11%
40 Samed Onur Central Midfield 1 0 0
11%
No matching quizzes found
Score Distribution
Percent of People with Each Score
Percentile by Number Answered
Your Score History
You have not taken this quiz